Evaluación de la operación y mantenimiento y los efectos sobre el medio ambiente local del Relleno Sanitario de San Carlos

Gespeichert in:
Bibliographische Detailangaben
1. Verfasser: Herrera Durán, Luis Fernando
Format: Buch
Veröffentlicht: San José, C.R 1997
Schlagworte:
Tags: Tag hinzufügen
Keine Tags, Fügen Sie den ersten Tag hinzu!

MARC

LEADER 00000nam a2200000Ia 4500
003 008136
005 20221231144233.0
008 140114s1997 cr a m 000 ||s d
040 |c cru CEDI 
090 |a TFG 3597 
100 |a Herrera Durán, Luis Fernando  |9 9584 
245 |a Evaluación de la operación y mantenimiento y los efectos sobre el medio ambiente local del Relleno Sanitario de San Carlos 
260 |c 1997  |a  San José, C.R 
300 |a  [176] hojas : ilustraciones  
500 |a  Proyecto de graduación (licenciatura en ingeniería civil)--Universidad de Costa Rica. Facultad de Ingeniería. Escuela de Ingeniería Civil 
650 |x RELLENOS SANITARIOS   |x RESIDUOS SOLIDOS  |9 9585 
942 |c TFG 
999 |c 18879  |d 18879